| 000 | 01154cam a2200337 i 4500 | ||
|---|---|---|---|
| 999 |
_c200435040 _d53252 |
||
| 003 | TR-AnTOB | ||
| 005 | 20200303105129.0 | ||
| 008 | 181218s2018 tu a j tur | ||
| 020 | _a9786053121930 | ||
| 040 |
_aTR-AnTOB _beng _erda _cTR-AnTOB |
||
| 041 | 1 |
_atur _heng |
|
| 050 | 1 | _aQA40.5 | |
| 090 |
_aJUN QA40.5 _b.P4619 2018 |
||
| 100 | 1 |
_aPenner, Lucille Recht _eauthor _9123733 |
|
| 240 | 1 | 0 | _aMath matters: lights out |
| 245 | 1 | 0 |
_aMatematik her yerde : _byatma zamanı! / _cLucille Recht Penner ; resimleyen:Jerry Smath ; çeviri: Fulya Koçak. |
| 250 | _a1. basım: Ekim, 2018 | ||
| 264 | 1 |
_aAnkara : _bTÜBİTAK, _c2018. |
|
| 300 |
_a32 pages : _bcolours illustrations ; _c23 cm |
||
| 336 |
_2rdacontent _atext _btxt |
||
| 337 |
_2rdamedia _aunmediated _bn |
||
| 338 |
_2rdacarrier _avolume _bnc |
||
| 490 | 0 |
_aTÜBİTAK popüler bilim kitapları: _v988 |
|
| 500 | _a7 yaş +. | ||
| 650 | 7 |
_aUyku zamanı _vÇocuk edebiyatı _9123656 |
|
| 650 | 7 |
_aMatematik _vÇocuk edebiyatı _9117465 |
|
| 700 | 1 |
_aKoçak, Fulya _etranslator _9122969 |
|
| 700 | 1 |
_aSmath, Jerry _eillustrator _9123740 |
|
| 942 |
_2lcc _cBK |
||